000 01691cab a22002415a 4500
001 L155256
008 120313e2012 xxk 000 0 eng d
035 _a(Sirsi) u155256
041 0 _aeng
100 1 _aTownsend, Sarah
245 0 2 _aA feast in Middle East but working West is best
260 _c2012
490 0 _aProperty Week International
_v78(09) 2 March 2012, 91-93(2)
520 _aSummarises the findings of the latest suite of RICS and Macdonald & Company's rewards and attitudes, comparing how surveyors fared in Europe, Asia, the Middle East, and the UK. Property companies in the Middle East are still paying out the highest salaries. The Eurozone crisis did not affect wages in Europe as much as expected. Despite significant market growth in Asia average salaries dropped in 2011. Job satisfaction among UK property professionals is high despite earning less than their counterparts in the other regions.
590 _aKA
651 4 _aInternational
690 _aBusiness and management
856 4 0 _uhttps://www.macdonaldandcompany.com/document_uploaded/UK_Executive_Summary_2012.pdf
_zView the 2012 UK survey (summary) at www.macdonaldandcompany.com
856 4 0 _uhttps://www.macdonaldandcompany.com/document_uploaded/EU_Executive_Summary_2012.pdf
_zView the 2012 Europe survey(summary) at www.macdonaldandcompany.com
856 4 0 _uhttps://www.macdonaldandcompany.com/document_uploaded/ME_SalSurv_2011.PDF
_zView the 2011 Middle East survey(summary) at www.macdonaldandcompany.com
856 4 0 _uhttps://www.macdonaldandcompany.com/document_uploaded/Asia_SalarySurvey2011_V3.PDF
_zView the 2011 Asia survey (summary) at www.macdonaldandcompany.com
942 _n0
999 _c83841
_d83841